Combien de fois pouvez vous taper le nombre 2025 ? - Statistiques

Statistiques générales
  • Ce quiz a été pris 200 fois
  • Le résultat moyen est 40 sur 80
Statistiques - réponses
Réponse % Correct
0
100%
2
100%
2
97%
5
96%
2
95%
0
94%
2
93%
5
91%
2
90%
0
89%
2
88%
5
87%
2
86%
0
84%
2
84%
5
84%
2
83%
0
82%
2
81%
5
81%
0
79%
2
79%
2
78%
5
78%
0
77%
2
77%
2
73%
5
73%
2
69%
0
67%
2
65%
5
63%
2
62%
0
61%
2
59%
5
57%
2
55%
0
53%
2
52%
5
52%
2
50%
0
49%
2
48%
5
46%
2
45%
0
43%
2
41%
5
39%
0
37%
2
37%
2
35%
5
33%
0
32%
2
32%
2
31%
5
28%
2
24%
0
23%
2
23%
2
21%
5
21%
0
20%
2
15%
5
15%
2
12%
0
11%
2
11%
5
10%
2
7%
0
3%
2
2%
5
2%
0
1%
0
1%
2
1%
2
1%
2
1%
2
1%
5
1%
5
1%
Aucun quiz correspondant
Distribution des résultats
% des personnes avec chaque résultat
Percentile par nombre de réponses
Votre historique - résultats
Vous n’avez pas pris ce quiz